Normal view MARC view

Entry Topical Term

Number of records used in: 1

001 - CONTROL NUMBER

  • control field: 26574

003 - CONTROL NUMBER IDENTIFIER

  • control field: OSt

005 - DATE AND TIME OF LATEST TRANSACTION

  • control field: 20260522164448.0

008 - FIXED-LENGTH DATA ELEMENTS

  • fixed length control field: 260522|| aca||aabn | a|a d

040 ## - CATALOGING SOURCE

  • Original cataloging agency: OSt
  • Transcribing agency: OSt

150 ## - HEADING--TOPICAL TERM

  • Topical term or geographic name entry element: Music-HipHop

670 ## - SOURCE DATA FOUND

  • Source citation: Work cat.: (OSt)22937: Edwards, Paul 25750, The Concise Mind To Hip-Hop Music, 2015

Powered by Koha